<?xml version="1.0" encoding="UTF-8"?>
<record
    xmlns:xsi="http://www.w3.org/2001/XMLSchema-instance"
    xsi:schemaLocation="http://www.loc.gov/MARC21/slim http://www.loc.gov/standards/marcxml/schema/MARC21slim.xsd"
    xmlns="http://www.loc.gov/MARC21/slim">

  <leader>01169nam a2200325 i 4500</leader>
  <controlfield tag="001">000019273</controlfield>
  <controlfield tag="003">DO-SdBNP</controlfield>
  <controlfield tag="005">20240312122834.0</controlfield>
  <controlfield tag="007">ta</controlfield>
  <controlfield tag="008">100531m1897    sp            000 m spa d</controlfield>
  <datafield tag="040" ind1=" " ind2=" ">
    <subfield code="a">DO-SdBNP</subfield>
    <subfield code="b">spa</subfield>
    <subfield code="c">BNPHU</subfield>
    <subfield code="e">rda</subfield>
  </datafield>
  <datafield tag="049" ind1=" " ind2=" ">
    <subfield code="a">BNGR</subfield>
  </datafield>
  <datafield tag="082" ind1=" " ind2="4">
    <subfield code="a">885.1</subfield>
    <subfield code="b">C485 obr</subfield>
    <subfield code="2">22</subfield>
  </datafield>
  <datafield tag="100" ind1="1" ind2=" ">
    <subfield code="a">Cicer&#xF3;n, Marcus Tullius,</subfield>
    <subfield code="d">106 a.C.-43 a.C.</subfield>
    <subfield code="9">41462</subfield>
  </datafield>
  <datafield tag="245" ind1="1" ind2="0">
    <subfield code="a">Obras completas de Marco Tulio Cicer&#xF3;n /</subfield>
    <subfield code="c">Marco Tulio Cicer&#xF3;n ; traducci&#xF3;n, D&#xED;az Tendero, Fern&#xE1;ndez Llera y Calvo.</subfield>
  </datafield>
  <datafield tag="264" ind1=" " ind2=" ">
    <subfield code="a">Madrid :</subfield>
    <subfield code="b">Librer&#xED;a de Hernando,</subfield>
    <subfield code="c">1897</subfield>
  </datafield>
  <datafield tag="300" ind1=" " ind2=" ">
    <subfield code="a">volumenes ;</subfield>
    <subfield code="c">18 cm.</subfield>
  </datafield>
  <datafield tag="336" ind1=" " ind2=" ">
    <subfield code="2">rdacontent</subfield>
    <subfield code="a">texto</subfield>
    <subfield code="b">txt</subfield>
  </datafield>
  <datafield tag="337" ind1=" " ind2=" ">
    <subfield code="2">rdamedia</subfield>
    <subfield code="a">sin mediaci&#xF3;n</subfield>
    <subfield code="b">n</subfield>
  </datafield>
  <datafield tag="338" ind1=" " ind2=" ">
    <subfield code="2">rdacarrier</subfield>
    <subfield code="a">volumen</subfield>
    <subfield code="b">nc</subfield>
  </datafield>
  <datafield tag="490" ind1="1" ind2=" ">
    <subfield code="a">Biblioteca cl&#xE1;sica</subfield>
    <subfield code="v">202,14,203,26,204,59,206,55,207,73,210,75,77,79,83,86.</subfield>
  </datafield>
  <datafield tag="500" ind1=" " ind2=" ">
    <subfield code="a">Incluye referencias biogr&#xE1;ficas y notas al pie de las p&#xE1;ginas.</subfield>
  </datafield>
  <datafield tag="590" ind1=" " ind2=" ">
    <subfield code="a">Inventariado, 2024/BT</subfield>
  </datafield>
  <datafield tag="650" ind1=" " ind2="0">
    <subfield code="a">Literatura Latinoamericana</subfield>
    <subfield code="9">8781</subfield>
  </datafield>
  <datafield tag="700" ind1="1" ind2=" ">
    <subfield code="a">Tendero, D&#xED;az,</subfield>
    <subfield code="e">traducci&#xF3;n</subfield>
    <subfield code="9">41463</subfield>
  </datafield>
  <datafield tag="700" ind1="1" ind2=" ">
    <subfield code="a">Llera y Calvo, Fern&#xE1;ndez,</subfield>
    <subfield code="e">traducci&#xF3;n</subfield>
    <subfield code="9">41464</subfield>
  </datafield>
  <datafield tag="830" ind1=" " ind2=" ">
    <subfield code="a">Bibliot</subfield>
    <subfield code="9">41465</subfield>
  </datafield>
  <datafield tag="910" ind1=" " ind2=" ">
    <subfield code="a">Btav&#xE1;rez</subfield>
  </datafield>
  <datafield tag="942" ind1=" " ind2=" ">
    <subfield code="2">ddc</subfield>
    <subfield code="c">LBS1</subfield>
  </datafield>
  <datafield tag="952" ind1=" " ind2=" ">
    <subfield code="0">0</subfield>
    <subfield code="1">0</subfield>
    <subfield code="2">ddc</subfield>
    <subfield code="5">1</subfield>
    <subfield code="7">0</subfield>
    <subfield code="8">GR</subfield>
    <subfield code="a">BNPHU</subfield>
    <subfield code="b">BNPHU</subfield>
    <subfield code="c">CT</subfield>
    <subfield code="d">2010-05-31</subfield>
    <subfield code="e">Donado por Jorge Subero Isa</subfield>
    <subfield code="l">0</subfield>
    <subfield code="o">BNPHU GR 885.1 C485 obr, 1897</subfield>
    <subfield code="p">19273-10</subfield>
    <subfield code="r">2020-06-25</subfield>
    <subfield code="t">v.1</subfield>
    <subfield code="w">2020-06-25</subfield>
    <subfield code="y">LBS1</subfield>
    <subfield code="Z">Pr&#xE9;stamo en sala</subfield>
  </datafield>
  <datafield tag="952" ind1=" " ind2=" ">
    <subfield code="0">0</subfield>
    <subfield code="1">0</subfield>
    <subfield code="2">ddc</subfield>
    <subfield code="5">1</subfield>
    <subfield code="7">0</subfield>
    <subfield code="8">GR</subfield>
    <subfield code="a">BNPHU</subfield>
    <subfield code="b">BNPHU</subfield>
    <subfield code="c">CT</subfield>
    <subfield code="d">2010-05-31</subfield>
    <subfield code="e">Donado por Jorge Subero Isa</subfield>
    <subfield code="l">0</subfield>
    <subfield code="o">BNPHU GR 885.1 C485 obr, 1908</subfield>
    <subfield code="p">19273-20</subfield>
    <subfield code="r">2020-06-25</subfield>
    <subfield code="t">v.1</subfield>
    <subfield code="w">2020-06-25</subfield>
    <subfield code="y">LBS1</subfield>
    <subfield code="Z">Pr&#xE9;stamo en sala</subfield>
  </datafield>
  <datafield tag="952" ind1=" " ind2=" ">
    <subfield code="0">0</subfield>
    <subfield code="1">0</subfield>
    <subfield code="2">ddc</subfield>
    <subfield code="5">1</subfield>
    <subfield code="7">0</subfield>
    <subfield code="8">GR</subfield>
    <subfield code="a">BNPHU</subfield>
    <subfield code="b">BNPHU</subfield>
    <subfield code="c">CT</subfield>
    <subfield code="d">2024-03-12</subfield>
    <subfield code="e">Donado por Jorge Subero Isa</subfield>
    <subfield code="l">0</subfield>
    <subfield code="o">BNPHU GR 885.1 C485 obr, 1898</subfield>
    <subfield code="p">2024-1362</subfield>
    <subfield code="r">2024-03-12</subfield>
    <subfield code="t">v.2</subfield>
    <subfield code="w">2024-03-12</subfield>
    <subfield code="y">LBS1</subfield>
  </datafield>
  <datafield tag="952" ind1=" " ind2=" ">
    <subfield code="0">0</subfield>
    <subfield code="1">0</subfield>
    <subfield code="2">ddc</subfield>
    <subfield code="5">1</subfield>
    <subfield code="7">0</subfield>
    <subfield code="8">GR</subfield>
    <subfield code="a">BNPHU</subfield>
    <subfield code="b">BNPHU</subfield>
    <subfield code="c">CT</subfield>
    <subfield code="d">2024-03-12</subfield>
    <subfield code="e">Donado por Jorge Subero Isa</subfield>
    <subfield code="l">0</subfield>
    <subfield code="o">BNPHU GR 885.1 C485 obr 1910</subfield>
    <subfield code="p">2024-1363</subfield>
    <subfield code="r">2024-03-12</subfield>
    <subfield code="t">v.2</subfield>
    <subfield code="w">2024-03-12</subfield>
    <subfield code="y">LBS1</subfield>
  </datafield>
  <datafield tag="952" ind1=" " ind2=" ">
    <subfield code="0">0</subfield>
    <subfield code="1">0</subfield>
    <subfield code="2">ddc</subfield>
    <subfield code="5">1</subfield>
    <subfield code="7">0</subfield>
    <subfield code="8">GR</subfield>
    <subfield code="a">BNPHU</subfield>
    <subfield code="b">BNPHU</subfield>
    <subfield code="c">CT</subfield>
    <subfield code="d">2024-03-12</subfield>
    <subfield code="e">Donado por Jorge Subero Isa</subfield>
    <subfield code="l">0</subfield>
    <subfield code="o">BNPHU GR 885.1 C485 obr, 1898</subfield>
    <subfield code="p">2024-1364</subfield>
    <subfield code="r">2024-03-12</subfield>
    <subfield code="t">v.3</subfield>
    <subfield code="w">2024-03-12</subfield>
    <subfield code="y">LBS1</subfield>
  </datafield>
  <datafield tag="952" ind1=" " ind2=" ">
    <subfield code="0">0</subfield>
    <subfield code="1">0</subfield>
    <subfield code="2">ddc</subfield>
    <subfield code="5">1</subfield>
    <subfield code="7">0</subfield>
    <subfield code="8">GR</subfield>
    <subfield code="a">BNPHU</subfield>
    <subfield code="b">BNPHU</subfield>
    <subfield code="c">CT</subfield>
    <subfield code="d">2024-03-12</subfield>
    <subfield code="e">Donado por Jorge Subero Isa</subfield>
    <subfield code="l">0</subfield>
    <subfield code="o">BNPHU GR 885.1 C485 obr, 1910</subfield>
    <subfield code="p">2024-1365</subfield>
    <subfield code="r">2024-03-12</subfield>
    <subfield code="t">v.3</subfield>
    <subfield code="w">2024-03-12</subfield>
    <subfield code="y">LBS1</subfield>
  </datafield>
  <datafield tag="952" ind1=" " ind2=" ">
    <subfield code="0">0</subfield>
    <subfield code="1">0</subfield>
    <subfield code="2">ddc</subfield>
    <subfield code="5">1</subfield>
    <subfield code="7">0</subfield>
    <subfield code="8">GR</subfield>
    <subfield code="a">BNPHU</subfield>
    <subfield code="b">BNPHU</subfield>
    <subfield code="c">CT</subfield>
    <subfield code="d">2024-03-12</subfield>
    <subfield code="e">Donado por Jorge Subero Isa</subfield>
    <subfield code="l">0</subfield>
    <subfield code="o">BNPHU GR 885.1 C485 obr 1898</subfield>
    <subfield code="p">2024-1366</subfield>
    <subfield code="r">2024-03-12</subfield>
    <subfield code="t">v.4</subfield>
    <subfield code="w">2024-03-12</subfield>
    <subfield code="y">LBS1</subfield>
  </datafield>
  <datafield tag="952" ind1=" " ind2=" ">
    <subfield code="0">0</subfield>
    <subfield code="1">0</subfield>
    <subfield code="2">ddc</subfield>
    <subfield code="5">1</subfield>
    <subfield code="7">0</subfield>
    <subfield code="8">GR</subfield>
    <subfield code="a">BNPHU</subfield>
    <subfield code="b">BNPHU</subfield>
    <subfield code="c">CT</subfield>
    <subfield code="d">2024-03-12</subfield>
    <subfield code="e">Donado por Jorge Subero Isa</subfield>
    <subfield code="l">0</subfield>
    <subfield code="o">BNPHU GR 885.1 C485 obr, 1910 </subfield>
    <subfield code="p">2024-1367</subfield>
    <subfield code="r">2024-03-12</subfield>
    <subfield code="t">v.4</subfield>
    <subfield code="w">2024-03-12</subfield>
    <subfield code="y">LBS1</subfield>
  </datafield>
  <datafield tag="952" ind1=" " ind2=" ">
    <subfield code="0">0</subfield>
    <subfield code="1">0</subfield>
    <subfield code="2">ddc</subfield>
    <subfield code="5">1</subfield>
    <subfield code="7">0</subfield>
    <subfield code="8">GR</subfield>
    <subfield code="a">BNPHU</subfield>
    <subfield code="b">BNPHU</subfield>
    <subfield code="c">CT</subfield>
    <subfield code="d">2024-03-12</subfield>
    <subfield code="e">Donado por Jorge Subero Isa</subfield>
    <subfield code="l">0</subfield>
    <subfield code="o">BNPHU GR 885.1 C485 obr 1899</subfield>
    <subfield code="p">2024-1368</subfield>
    <subfield code="r">2024-03-12</subfield>
    <subfield code="t">v.5</subfield>
    <subfield code="w">2024-03-12</subfield>
    <subfield code="y">LBS1</subfield>
  </datafield>
  <datafield tag="952" ind1=" " ind2=" ">
    <subfield code="0">0</subfield>
    <subfield code="1">0</subfield>
    <subfield code="2">ddc</subfield>
    <subfield code="5">1</subfield>
    <subfield code="7">0</subfield>
    <subfield code="8">GR</subfield>
    <subfield code="a">BNPHU</subfield>
    <subfield code="b">BNPHU</subfield>
    <subfield code="c">CT</subfield>
    <subfield code="d">2024-03-12</subfield>
    <subfield code="e">Donado por Jorge Subero Isa</subfield>
    <subfield code="l">0</subfield>
    <subfield code="o">BNPHU GR 885.1 C485 obr 1912</subfield>
    <subfield code="p">2024-1369</subfield>
    <subfield code="r">2024-03-12</subfield>
    <subfield code="t">v.5</subfield>
    <subfield code="w">2024-03-12</subfield>
    <subfield code="y">LBS1</subfield>
  </datafield>
  <datafield tag="952" ind1=" " ind2=" ">
    <subfield code="0">0</subfield>
    <subfield code="1">0</subfield>
    <subfield code="2">ddc</subfield>
    <subfield code="5">1</subfield>
    <subfield code="7">0</subfield>
    <subfield code="8">GR</subfield>
    <subfield code="a">BNPHU</subfield>
    <subfield code="b">BNPHU</subfield>
    <subfield code="c">CT</subfield>
    <subfield code="d">2024-03-12</subfield>
    <subfield code="e">Donado por Jorge Subero Isa</subfield>
    <subfield code="l">0</subfield>
    <subfield code="o">BNPHU GR 885.1 C485 obr 1900</subfield>
    <subfield code="p">2024-1370</subfield>
    <subfield code="r">2024-03-12</subfield>
    <subfield code="t">v.6</subfield>
    <subfield code="w">2024-03-12</subfield>
    <subfield code="y">LBS1</subfield>
  </datafield>
  <datafield tag="952" ind1=" " ind2=" ">
    <subfield code="0">0</subfield>
    <subfield code="1">0</subfield>
    <subfield code="2">ddc</subfield>
    <subfield code="5">1</subfield>
    <subfield code="7">0</subfield>
    <subfield code="8">GR</subfield>
    <subfield code="a">BNPHU</subfield>
    <subfield code="b">BNPHU</subfield>
    <subfield code="c">CT</subfield>
    <subfield code="d">2024-03-12</subfield>
    <subfield code="e">Donado por Jorge Subero Isa</subfield>
    <subfield code="l">0</subfield>
    <subfield code="o">BNPHU GR 885.1 C485 obr, 1912</subfield>
    <subfield code="p">2024-1371</subfield>
    <subfield code="r">2024-03-12</subfield>
    <subfield code="t">v.6</subfield>
    <subfield code="w">2024-03-12</subfield>
    <subfield code="y">LBS1</subfield>
  </datafield>
  <datafield tag="952" ind1=" " ind2=" ">
    <subfield code="0">0</subfield>
    <subfield code="1">0</subfield>
    <subfield code="2">ddc</subfield>
    <subfield code="5">1</subfield>
    <subfield code="7">0</subfield>
    <subfield code="8">GR</subfield>
    <subfield code="a">BNPHU</subfield>
    <subfield code="b">BNPHU</subfield>
    <subfield code="c">CT</subfield>
    <subfield code="d">2024-03-12</subfield>
    <subfield code="e">Donado por Jorge Subero Isa</subfield>
    <subfield code="l">0</subfield>
    <subfield code="o">BNPHU GR 885.1 C485 obr, 1912</subfield>
    <subfield code="p">2024-1372</subfield>
    <subfield code="r">2024-03-12</subfield>
    <subfield code="t">v.12</subfield>
    <subfield code="w">2024-03-12</subfield>
    <subfield code="y">LBS1</subfield>
  </datafield>
  <datafield tag="952" ind1=" " ind2=" ">
    <subfield code="0">0</subfield>
    <subfield code="1">0</subfield>
    <subfield code="2">ddc</subfield>
    <subfield code="5">1</subfield>
    <subfield code="7">0</subfield>
    <subfield code="8">GR</subfield>
    <subfield code="a">BNPHU</subfield>
    <subfield code="b">BNPHU</subfield>
    <subfield code="c">CT</subfield>
    <subfield code="d">2024-03-12</subfield>
    <subfield code="e">Donado por Jorge Subero Isa</subfield>
    <subfield code="l">0</subfield>
    <subfield code="o">BNPHU GR 885.1 C485&#xF3;b obr, 1912</subfield>
    <subfield code="p">2024-1373</subfield>
    <subfield code="r">2024-03-12</subfield>
    <subfield code="t">v.8</subfield>
    <subfield code="w">2024-03-12</subfield>
    <subfield code="y">LBS1</subfield>
  </datafield>
  <datafield tag="952" ind1=" " ind2=" ">
    <subfield code="0">0</subfield>
    <subfield code="1">0</subfield>
    <subfield code="2">ddc</subfield>
    <subfield code="5">1</subfield>
    <subfield code="7">0</subfield>
    <subfield code="8">GR</subfield>
    <subfield code="a">BNPHU</subfield>
    <subfield code="b">BNPHU</subfield>
    <subfield code="c">CT</subfield>
    <subfield code="d">2024-03-12</subfield>
    <subfield code="e">Donado por Jorge Subero Isa</subfield>
    <subfield code="l">0</subfield>
    <subfield code="o">BNPHU GR 885.1 C485 obr, 1909</subfield>
    <subfield code="p">2024-1374</subfield>
    <subfield code="r">2024-03-12</subfield>
    <subfield code="t">v.9</subfield>
    <subfield code="w">2024-03-12</subfield>
    <subfield code="y">LBS1</subfield>
  </datafield>
  <datafield tag="952" ind1=" " ind2=" ">
    <subfield code="0">0</subfield>
    <subfield code="1">0</subfield>
    <subfield code="2">ddc</subfield>
    <subfield code="5">1</subfield>
    <subfield code="7">0</subfield>
    <subfield code="8">GR</subfield>
    <subfield code="a">BNPHU</subfield>
    <subfield code="b">BNPHU</subfield>
    <subfield code="c">CT</subfield>
    <subfield code="d">2024-03-12</subfield>
    <subfield code="e">Donado por Jorge Subero Isa</subfield>
    <subfield code="l">0</subfield>
    <subfield code="o">BNPHU GR 885.1 C485 obr, 1909</subfield>
    <subfield code="p">2024-1375</subfield>
    <subfield code="r">2024-03-12</subfield>
    <subfield code="t">v.10</subfield>
    <subfield code="w">2024-03-12</subfield>
    <subfield code="y">LBS1</subfield>
  </datafield>
  <datafield tag="952" ind1=" " ind2=" ">
    <subfield code="0">0</subfield>
    <subfield code="1">0</subfield>
    <subfield code="2">ddc</subfield>
    <subfield code="7">0</subfield>
    <subfield code="a">BNPHU</subfield>
    <subfield code="b">BNPHU</subfield>
    <subfield code="d">2024-03-12</subfield>
    <subfield code="l">0</subfield>
    <subfield code="o">885.1 C485 obr</subfield>
    <subfield code="p">2024-1382</subfield>
    <subfield code="r">2024-03-12</subfield>
    <subfield code="t">v.15</subfield>
    <subfield code="w">2024-03-12</subfield>
  </datafield>
  <datafield tag="952" ind1=" " ind2=" ">
    <subfield code="0">0</subfield>
    <subfield code="1">0</subfield>
    <subfield code="2">ddc</subfield>
    <subfield code="7">0</subfield>
    <subfield code="a">BNPHU</subfield>
    <subfield code="b">BNPHU</subfield>
    <subfield code="d">2024-03-12</subfield>
    <subfield code="l">0</subfield>
    <subfield code="o">885.1 C485 obr</subfield>
    <subfield code="p">2024-1383</subfield>
    <subfield code="r">2024-03-12</subfield>
    <subfield code="t">v.16</subfield>
    <subfield code="w">2024-03-12</subfield>
  </datafield>
  <datafield tag="999" ind1=" " ind2=" ">
    <subfield code="c">18791</subfield>
    <subfield code="d">18791</subfield>
  </datafield>
</record>
